000 00576nam a2200169Ia 4500
008 090201s9999 xx 000 0 und d
010 _aKPL-14776
040 _bमराठी
041 _aमराठी
082 _a34762
_b14776
100 _aवा शि आपटे
245 _aस्मरणशक्ती कशी वाढवावी ?
_cवा शि आपटे
260 _c2004
_bसरिता प्रकाशन
300 _a80
_bमोठा
600 _aस्मरणशक्ती कशी वाढवावी ?
942 _cBOOK
999 _c232938
_d232938